000 00729nam a2200181 i 4500
001 156059
003 ES-MaACL
005 20240306144904.0
008 050712s1861 fr |||| | fre d
040 _aCAM
_bspa
_cCAM
245 0 0 _aIntroduction historique et critique aux livres du Nouveau Testament /
_cpar Reithmayer, Hug, Tholuck, etc.; traduite et annotée par H. de Valroger.
260 _aParis :
_bJacques Lecoffre et c\pie\s libraires,
_c1861 (
_fImp. de Simon Raçon et comp.)
300 _a2 v. (XXXII, 530; 570 p.) ;
_c22 cm.
630 4 _aBiblia.
_pN.T.-
_xCrítica e interpretación
_9119291
752 _aFrancia -
_dParís
852 _aES-MaACL
_jG-7834-35
_z- Enc. hol.
999 _c156059
_d156059